000 00504nam a2200193 a 4500
001 1767860135164
003 YourLibrary
005 20260108150645.0
008 260108s2005##################000#0#eng##
020 _a9780130926548
082 0 4 _a301.072
_bDOR
100 1 _aDorsten, Linda Eberst,
_eauthor.
245 1 0 _aResearch Methods and Society :
260 _bPrentice Hall,
_c2005.
300 _a416 pages
650 0 _aReference.
942 _cENGLISH
040 _aYourLibrary
_beng
_cYourLibrary
999 _c607806
_d607806